000 00562 a2200169 4500
020 _a0-393-95552-4
040 _aDLC
_bDLC
100 1 _aConrad, Joseph,
245 0 0 _aHeart of darkness: an authoritative text, backgrounds and sources,criticism
_ban authoritative text, backgrounds and sources,criticism
_cedited by Robert Kimbrough
250 _a3. ed.
260 _aNew York :
_bNorton,
_ccop. 1988
300 _a418 s.
490 0 _aA Norton critical edition
600 1 4 _aConrad, Joseph
700 1 _aKimbrough, Robert
_4oth
942 _cBK
_k823.912 KIM
_2ddc
999 _c5140
_d5140